[Event "II. CLANSKA LIGA ZAHOD 2019"]
[Site "Komenda"]
[Date "2019.11.16"]
[Round "3.3"]
[White "Siraj, Vita"]
[Black "Cokan, Mirko"]
[Result "1-0"]
[WhiteElo "1506"]
[BlackElo "1728"]
[PlyCount "87"]
[EventDate "2019.11.16"]
[WhiteTeam "SD VRHNIKA"]
[BlackTeam "SD DOMZALE TAJFUN 2"]

1. d4 Nf6 2. Nf3 d5 3. Bf4 Nc6 4. e3 Bg4 5. h3 Bxf3 6. Qxf3 e6 7. Bd3 Nb4 8.
Bb5+ c6 9. Ba4 Be7 10. O-O a5 11. a3 Na6 12. c3 Rc8 13. Nd2 O-O 14. Bc2 c5 15.
Rfe1 b5 16. Bd3 c4 17. Bc2 Ra8 18. e4 b4 19. axb4 axb4 20. exd5 exd5 21. Be5 b3
22. Bf5 Bd6 23. Qg3 Ne8 24. Nf3 g6 25. Ng5 Bxe5 26. dxe5 Ng7 27. Qh4 h5 28. Bg4
Ne6 29. Bxe6 fxe6 30. g4 Rf4 31. Kg2 Qe7 32. Kg3 Rff8 33. gxh5 Rf5 34. f4 Qe8
35. hxg6 Qxg6 36. Qg4 Ra7 37. Nxe6 Qxg4+ 38. hxg4 Rff7 39. Ra5 Nb8 40. Rxd5 Ra2
41. Rd8+ Kh7 42. Rh1+ Kg6 43. Rg8+ Rg7 44. Rxg7# 1-0

[Event "II. CLANSKA LIGA ZAHOD 2019"]
[Site "Komenda"]
[Date "2019.11.16"]
[Round "3.4"]
[White "Borstar, Dusan"]
[Black "Vodnik, Val"]
[Result "1/2-1/2"]
[WhiteElo "1746"]
[BlackElo "1158"]
[PlyCount "71"]
[EventDate "2019.11.16"]
[WhiteTeam "SD DOMZALE TAJFUN 2"]
[BlackTeam "SD VRHNIKA"]

1. e4 e5 2. Nf3 Nc6 3. Bb5 a6 4. Ba4 Nf6 5. O-O b5 6. Bb3 Be7 7. Re1 d6 8. h3
Bb7 9. c3 O-O 10. d3 Re8 11. Bg5 Bf8 12. Nh2 h6 13. Bh4 Be7 14. Bxf6 Bxf6 15.
Qh5 Rf8 16. a4 Bg5 17. axb5 axb5 18. Rxa8 Bxa8 19. Na3 b4 20. Nb1 Kh8 21. Bd5
g6 22. Qd1 bxc3 23. bxc3 Ne7 24. Bxa8 Qxa8 25. Nf3 f5 26. Nxg5 hxg5 27. Qc1
fxe4 28. Qxg5 Qe8 29. Rxe4 Rf5 30. Qh6+ Kg8 31. Nd2 Qf8 32. Qxf8+ Kxf8 33. g3
Nd5 34. Rc4 c5 35. Kg2 Ke7 36. Re4 1/2-1/2

[Event "II. CLANSKA LIGA ZAHOD 2019"]
[Site "Komenda"]
[Date "2019.11.16"]
[Round "3.5"]
[White "Sirk, Matija"]
[Black "Groselj, Kaja"]
[Result "1/2-1/2"]
[WhiteElo "1322"]
[BlackElo "1525"]
[PlyCount "60"]
[EventDate "2019.11.16"]
[WhiteTeam "SD VRHNIKA"]
[BlackTeam "SD DOMZALE TAJFUN 2"]

1. e4 d5 2. exd5 Qxd5 3. Nc3 Qd6 4. d4 c6 5. Nf3 Nf6 6. Be2 Bf5 7. Bg5 Nbd7 8.
Qd2 e6 9. O-O-O Be7 10. Bf4 Qb4 11. Ne5 Nxe5 12. Bxe5 O-O-O 13. Kb1 Rhg8 14. f3
Nd5 15. Nxd5 Rxd5 16. g4 Bg6 17. h4 f6 18. Qxb4 Bxb4 19. Bg3 Re8 20. h5 Bf7 21.
Bc4 Rd7 22. c3 Ba5 23. Rhe1 Bc7 24. Bxc7 Kxc7 25. Re2 c5 26. Red2 cxd4 27. Rxd4
Rxd4 28. Rxd4 Re7 29. Rd2 e5 30. Bd3 h6 1/2-1/2

[Event "II. CLANSKA LIGA ZAHOD 2019"]
[Site "Komenda"]
[Date "2019.11.16"]
[Round "3.6"]
[White "Groselj, Jerneja"]
[Black "Sever, Gasper"]
[Result "1/2-1/2"]
[WhiteElo "1081"]
[BlackElo "1559"]
[PlyCount "71"]
[EventDate "2019.11.16"]
[WhiteTeam "SD DOMZALE TAJFUN 2"]
[BlackTeam "SD VRHNIKA"]

1. e4 d5 2. exd5 Nf6 3. Nc3 Nxd5 4. Bc4 Be6 5. Bxd5 Bxd5 6. Nf3 e6 7. O-O Be7
8. d4 Nc6 9. Nxd5 exd5 10. Bf4 O-O 11. Re1 Bd6 12. Bxd6 Qxd6 13. c3 Rfe8 14.
Qd3 h6 15. Re2 Re7 16. Rxe7 Nxe7 17. Re1 Re8 18. Qb5 Qc6 19. Qxc6 bxc6 20. Re3
Kf8 21. Nd2 Nf5 22. Rxe8+ Kxe8 23. Nf3 f6 24. g4 Nd6 25. b3 Ne4 26. c4 Nc3 27.
cxd5 cxd5 28. a4 a5 29. Kf1 g5 30. h4 Ke7 31. hxg5 hxg5 32. Nd2 Ke6 33. f3 f5
34. Kf2 f4 35. Ke1 Kd6 36. Nf1 1/2-1/2

[Event "II. CLANSKA LIGA ZAHOD 2019"]
[Site "Komenda"]
[Date "2019.11.16"]
[Round "3.1"]
[White "Trebusak, Anton"]
[Black "Krupenko, Peter"]
[Result "1/2-1/2"]
[WhiteElo "1788"]
[BlackElo "1893"]
[PlyCount "72"]
[EventDate "2019.11.16"]
[WhiteTeam "SK KOMENDA"]
[BlackTeam "SK TRZIN"]

1. d4 d5 2. Nf3 Nf6 3. Bf4 Nbd7 4. e3 e6 5. Bd3 Be7 6. O-O O-O 7. Nbd2 c5 8. c3
Nh5 9. Be5 f6 10. Bg3 Nxg3 11. hxg3 Qb6 12. Qc2 f5 13. c4 Nf6 14. Rac1 Ne4 15.
dxc5 Bxc5 16. cxd5 Bxe3 17. Nc4 Bxf2+ 18. Rxf2 Qxf2+ 19. Qxf2 Nxf2 20. Kxf2
exd5 21. Nd6 Bd7 22. Rc7 Bc6 23. Nxf5 Rf7 24. Rxf7 Kxf7 25. Ke3 g6 26. N5d4 Kf6
27. Ne2 h6 28. Kd4 Re8 29. b4 a6 30. Nf4 g5 31. Nxd5+ Bxd5 32. Kxd5 g4 33. Nd2
Re1 34. Ne4+ Ke7 35. Kc5 Re3 36. Kd4 Re1 1/2-1/2

[Event "II. CLANSKA LIGA ZAHOD 2019"]
[Site "Komenda"]
[Date "2019.11.16"]
[Round "3.2"]
[White "Lah, Emil"]
[Black "Novakovic, Novica"]
[Result "1/2-1/2"]
[WhiteElo "1951"]
[BlackElo "1690"]
[PlyCount "60"]
[EventDate "2019.11.16"]
[WhiteTeam "SK TRZIN"]
[BlackTeam "SK KOMENDA"]

1. f4 d5 2. Nf3 g6 3. c3 Bg7 4. d3 Nf6 5. Qc2 c6 6. Be3 Nbd7 7. h3 Nh5 8. g4
Ng3 9. Rg1 Nxf1 10. Rxf1 e6 11. Bf2 b6 12. Nbd2 Bb7 13. e4 c5 14. e5 h6 15. Bg3
Qc7 16. O-O-O O-O-O 17. Kb1 Rde8 18. Rde1 Qc6 19. Rf2 Rhf8 20. d4 Ba6 21. f5
gxf5 22. gxf5 exf5 23. Qxf5 Qe6 24. Nh4 f6 25. Kc2 fxe5 26. Qxe6 Rxe6 27. Rxf8+
Bxf8 28. dxe5 Bg7 29. Ndf3 Kd8 30. Nf5 Bf8 1/2-1/2

[Event "II. CLANSKA LIGA ZAHOD 2019"]
[Site "Komenda"]
[Date "2019.11.16"]
[Round "3.3"]
[White "More, Erlend"]
[Black "Rojs, Igor"]
[Result "0-1"]
[WhiteElo "1576"]
[BlackElo "1995"]
[PlyCount "70"]
[EventDate "2019.11.16"]
[WhiteTeam "SK KOMENDA"]
[BlackTeam "SK TRZIN"]

1. d4 Nf6 2. c4 e6 3. Nc3 d5 4. Bg5 Nbd7 5. e3 c6 6. Nf3 Bb4 7. Bxf6 Nxf6 8. a3
Bxc3+ 9. bxc3 Qa5 10. Qc2 Ne4 11. Rc1 Qxa3 12. cxd5 exd5 13. Bd3 Nf6 14. O-O
O-O 15. c4 h6 16. cxd5 Nxd5 17. Bc4 Qd6 18. Ne5 Nb6 19. Bd3 Nd5 20. Bc4 Ne7 21.
Kh1 Be6 22. Bd3 Nd5 23. Qd2 Rfd8 24. f4 f6 25. Ng6 Ne7 26. Rf3 Nxg6 27. Bxg6
Qd7 28. Rc5 b6 29. Rh5 Bg4 30. Rfh3 Bxh3 31. Rxh3 c5 32. Rh5 cxd4 33. e4 Qg4
34. Rxh6 gxh6 35. Bf5 Qg7 0-1

[Event "II. CLANSKA LIGA ZAHOD 2019"]
[Site "Komenda"]
[Date "2019.11.16"]
[Round "3.4"]
[White "Leben, Dusan"]
[Black "Cimperman, Teo"]
[Result "0-1"]
[WhiteElo "1853"]
[BlackElo "1364"]
[PlyCount "96"]
[EventDate "2019.11.16"]
[WhiteTeam "SK TRZIN"]
[BlackTeam "SK KOMENDA"]

1. e4 c5 2. Nf3 d6 3. d4 cxd4 4. Nxd4 Nf6 5. Nc3 g6 6. Be3 Bg7 7. f3 Nc6 8. Qd2
O-O 9. O-O-O Qa5 10. Nb3 Qc7 11. Kb1 Be6 12. g4 h5 13. gxh5 Nxh5 14. f4 Bg4 15.
Rc1 Bf3 16. Rg1 Bxc3 17. Qxc3 Bxe4 18. Be2 Nf6 19. Nd4 Qd7 20. h4 Nxd4 21. Bxd4
Qf5 22. Qd2 a5 23. Rg5 Qe6 24. h5 Bd5 25. b3 Ne4 26. Qd3 Nxg5 27. fxg5 a4 28.
hxg6 Qxg6 29. Qh3 e5 30. Bd3 Qg7 31. Ba1 axb3 32. cxb3 Be6 33. Qh5 Bxb3 34. Bc3
Bxa2+ 35. Kb2 Bd5 36. Bb1 Ra6 37. Bf5 Rfa8 38. Kc2 Ra2+ 39. Bb2 e4 40. Qh7+
Qxh7 41. Bxh7+ Kxh7 42. Rh1+ Kg6 43. Rh6+ Kxg5 44. Rxd6 Rc8+ 45. Kb1 Bb3 46.
Rb6 Be6 47. Rxb7 Ra5 48. Rb3 Bxb3 0-1

[Event "II. CLANSKA LIGA ZAHOD 2019"]
[Site "Komenda"]
[Date "2019.11.16"]
[Round "3.5"]
[White "Babarovic, Fran"]
[Black "Rijavec, Stane"]
[Result "0-1"]
[WhiteElo "1210"]
[BlackElo "1845"]
[PlyCount "80"]
[EventDate "2019.11.16"]
[WhiteTeam "SK KOMENDA"]
[BlackTeam "SK TRZIN"]

1. e4 c5 2. Nf3 d6 3. Bc4 e6 4. d4 cxd4 5. Nxd4 Nf6 6. Bg5 Be7 7. Nc3 a6 8. Qd2
b5 9. Bb3 Bb7 10. Qe2 b4 11. Nd1 Nxe4 12. Ba4+ Kf8 13. Bxe7+ Qxe7 14. Nc6 Bxc6
15. Bxc6 Nxc6 16. Qxe4 d5 17. Qf3 Qf6 18. Qxf6 gxf6 19. Ne3 Ke7 20. O-O-O f5
21. Rhe1 Kd6 22. Nc4+ Kc5 23. Ne5 Nxe5 24. Rxe5 Rhg8 25. g3 Ra7 26. f4 Rc7 27.
b3 a5 28. c4 bxc3 29. Rd3 Rgc8 30. Rxc3+ Kd6 31. Rxc7 Rxc7+ 32. Kb2 f6 33. Re3
e5 34. a4 d4 35. Rd3 Kd5 36. Ka3 e4 37. Rd2 e3 38. Rd1 e2 39. Re1 d3 40. b4 d2
0-1

[Event "II. CLANSKA LIGA ZAHOD 2019"]
[Site "Komenda"]
[Date "2019.11.16"]
[Round "3.6"]
[White "Bajec, Borut"]
[Black "Macek, Inti"]
[Result "1-0"]
[WhiteElo "1742"]
[BlackElo "1194"]
[PlyCount "109"]
[EventDate "2019.11.16"]
[WhiteTeam "SK TRZIN"]
[BlackTeam "SK KOMENDA"]

1. d4 d5 2. c4 c6 3. e3 Nd7 4. Nc3 Ngf6 5. Nf3 e6 6. Bd3 Bb4 7. O-O O-O 8. Bd2
b6 9. Rc1 Ba6 10. b3 Bxc3 11. Bxc3 Ne4 12. Bb2 f5 13. Re1 c5 14. cxd5 exd5 15.
Bxa6 Qc7 16. dxc5 bxc5 17. Qxd5+ Kh8 18. Qb7 Qd8 19. Red1 Rf7 20. Ne5 Re7 21.
Rxd7 Rxd7 22. Qxd7 Qxd7 23. Nxd7 Rd8 24. Ne5 Rd2 25. f3 Rxb2 26. fxe4 fxe4 27.
Rxc5 h6 28. Bb7 Rxa2 29. Bxe4 Ra1+ 30. Kf2 Ra2+ 31. Kf3 g5 32. Rc7 Ra3 33. Nf7+
Kg7 34. Nxg5+ Kf6 35. Nh7+ Ke6 36. Nf8+ Kf6 37. Bd5 Ra5 38. Bc4 Kg5 39. Ne6+
Kh5 40. Rc5+ Rxc5 41. Nxc5 Kg5 42. b4 Kf5 43. Nd7 h5 44. b5 h4 45. Nb8 Kg5 46.
Nc6 a5 47. Nxa5 Kf5 48. Nc6 Kg6 49. b6 Kf6 50. b7 Kg7 51. b8=Q Kf6 52. Qf4+ Kg7
53. Ne5 Kh7 54. Qf7+ Kh6 55. Qg6# 1-0

[Event "II. CLANSKA LIGA ZAHOD 2019"]
[Site "Komenda"]
[Date "2019.11.16"]
[Round "3.1"]
[White "Mlacnik, Franc"]
[Black "Persl, Bojan"]
[Result "0-1"]
[WhiteElo "1991"]
[BlackElo "2097"]
[PlyCount "70"]
[EventDate "2019.11.16"]
[WhiteTeam "SS TZ PREVODI DVOJKA"]
[BlackTeam "SK LJUBLJANA"]

1. e4 c5 2. d4 cxd4 3. c3 dxc3 4. Nxc3 Nc6 5. Nf3 d6 6. Bc4 e6 7. O-O a6 8. Qe2
b5 9. Bb3 Bd7 10. Rd1 Qb8 11. Bf4 Nf6 12. Bg3 Be7 13. Rac1 Ra7 14. e5 Nxe5 15.
Nxe5 dxe5 16. Bxe5 Qa8 17. Bc2 Bc6 18. f3 O-O 19. Ne4 Nxe4 20. fxe4 Bg5 21. Ra1
Rd8 22. Rxd8+ Qxd8 23. Rd1 Rd7 24. Rxd7 Qxd7 25. Bc3 b4 26. Be5 Bb5 27. Qf2 Qc6
28. h4 Be7 29. Bd4 Qc4 30. b3 Qc7 31. e5 Qc6 32. h5 Qd5 33. h6 g6 34. Bd1 Kf8
35. Bf3 Qd8 {nejasno (56)} 0-1

[Event "II. CLANSKA LIGA ZAHOD 2019"]
[Site "Komenda"]
[Date "2019.11.16"]
[Round "3.2"]
[White "Zmavc, Mark"]
[Black "Logar, Metod"]
[Result "1-0"]
[WhiteElo "1839"]
[BlackElo "1982"]
[PlyCount "83"]
[EventDate "2019.11.16"]
[WhiteTeam "SK LJUBLJANA"]
[BlackTeam "SS TZ PREVODI DVOJKA"]

1. d4 Nf6 2. c4 e6 3. Nc3 Bb4 4. Qc2 d5 5. cxd5 exd5 6. Bg5 h6 7. Bh4 g5 8. Bg3
Ne4 9. e3 O-O 10. Bd3 Re8 11. Nge2 c5 12. O-O Nxg3 13. Nxg3 cxd4 14. exd4 Nc6
15. Rad1 Be6 16. Bf5 Qf6 17. Qd3 Bd6 18. a3 Rac8 19. Bxe6 fxe6 20. Rfe1 Rf8 21.
Re2 Rce8 22. b4 Qf7 23. Qe3 Bf4 24. Qd3 Ne7 25. Rde1 Nc8 26. Na4 b6 27. Nc3 Nd6
28. a4 h5 29. Nf1 Nf5 30. Nxd5 Bb8 31. Nde3 Nh4 32. Nc4 Rd8 33. Qe4 Rfe8 34.
Ng3 Bxg3 35. hxg3 Nf5 36. Ne5 Qf6 37. Nc6 Rd6 38. Rd2 Kg7 39. b5 Rd5 40. g4
hxg4 41. Qxg4 Rh8 42. f4 1-0

[Event "II. CLANSKA LIGA ZAHOD 2019"]
[Site "Komenda"]
[Date "2019.11.16"]
[Round "3.3"]
[White "Orel Music, Simona"]
[Black "Topolovec, Vid"]
[Result "0-1"]
[WhiteElo "1982"]
[BlackElo "1775"]
[PlyCount "102"]
[EventDate "2019.11.16"]
[WhiteTeam "SS TZ PREVODI DVOJKA"]
[BlackTeam "SK LJUBLJANA"]

1. d4 f5 2. e4 d6 3. Bd3 fxe4 4. Bxe4 Nf6 5. Bd3 Nc6 6. c3 e5 7. Bb5 Bd7 8.
dxe5 Qe7 9. Ne2 Qxe5 10. Bd3 O-O-O 11. Bf4 Qh5 12. O-O g5 13. Bg3 Qf7 14. Qc2
h5 15. f3 h4 16. Bf2 h3 17. Bf5 hxg2 18. Kxg2 Nd5 19. Ng3 Nf4+ 20. Kh1 Bg7 21.
Bxd7+ Rxd7 22. Qf5 Qxf5 23. Nxf5 Be5 24. Bg3 Rdh7 25. Rf2 Nd3 26. Rg2 Bxg3 27.
Nxg3 Ne1 28. Rf2 Ne5 29. Nd2 N1d3 30. Rg2 Nf4 31. Ngf1 Nxg2 32. Kxg2 Rf7 33.
Re1 Rhf8 34. Re3 g4 35. fxg4 Nxg4 36. Rf3 Nf6 37. Ng3 Kd7 38. Nc4 Ng4 39. Nd2
Nxh2 40. Rxf7+ Rxf7 41. Nde4 Ng4 42. Nh5 Ne3+ 43. Kg3 Nd1 44. b3 d5 45. Nc5+
Kc6 46. Nd3 Re7 47. Nb4+ Kd6 48. Nf4 Nxc3 49. a4 Ne2+ 50. Nxe2 Rxe2 51. Kf3 Rb2
0-1

[Event "II. CLANSKA LIGA ZAHOD 2019"]
[Site "Komenda"]
[Date "2019.11.16"]
[Round "3.4"]
[White "Sivcevic, Nusret"]
[Black "Muri, Emil"]
[Result "1-0"]
[WhiteElo "1748"]
[BlackElo "1816"]
[PlyCount "77"]
[EventDate "2019.11.16"]
[WhiteTeam "SK LJUBLJANA"]
[BlackTeam "SS TZ PREVODI DVOJKA"]

1. f4 Nf6 2. Nf3 g6 3. c3 Bg7 4. Qc2 d6 5. e4 O-O 6. d4 c5 7. dxc5 dxc5 8. Be3
b6 9. Nbd2 Bb7 10. O-O-O Qc7 11. Be2 a6 12. g3 b5 13. Rhe1 Ng4 14. Nf1 Nxe3 15.
Nxe3 e6 16. h4 Nc6 17. h5 Rfd8 18. hxg6 hxg6 19. Ng5 Rxd1+ 20. Bxd1 Rd8 21. e5
Qa5 22. Kb1 b4 23. Nc4 Qc7 24. Nd6 Rxd6 25. exd6 Qxd6 26. Ne4 Qe7 27. Bf3 bxc3
28. bxc3 e5 29. Rd1 exf4 30. gxf4 Na5 31. Qd3 Bf8 32. f5 gxf5 33. Nd6 Be4 34.
Bxe4 fxe4 35. Qg3+ Bg7 36. Rg1 Qf6 37. Nf5 Qb6+ 38. Kc2 Qg6 39. Ne7+ 1-0

[Event "II. CLANSKA LIGA ZAHOD 2019"]
[Site "Komenda"]
[Date "2019.11.16"]
[Round "3.5"]
[White "Markun, Ozbej"]
[Black "Babic, Miroslav"]
[Result "1-0"]
[WhiteElo "1476"]
[BlackElo "1695"]
[PlyCount "127"]
[EventDate "2019.11.16"]
[WhiteTeam "SS TZ PREVODI DVOJKA"]
[BlackTeam "SK LJUBLJANA"]

1. e4 e6 2. d4 d5 3. Nc3 dxe4 4. Nxe4 Nf6 5. Nxf6+ Qxf6 6. Nf3 Qd8 7. Bd3 h6 8.
O-O Nd7 9. Be3 c6 10. Qd2 Bd6 11. Rae1 Nf6 12. Bf4 Bxf4 13. Qxf4 Nd5 14. Qd2
Qc7 15. c4 Nf6 16. d5 cxd5 17. cxd5 O-O 18. d6 Qd8 19. Ne5 Bd7 20. Rc1 Nd5 21.
Nc4 Bc6 22. Bc2 Bb5 23. Qd3 f5 24. Bb3 Bxc4 25. Rxc4 Qxd6 26. Rd4 Rad8 27. Rd1
Qe5 28. Bxd5 exd5 29. Rxd5 Rxd5 30. Qxd5+ Qxd5 31. Rxd5 Rc8 32. g3 Rc2 33. Rxf5
Rxb2 34. Ra5 a6 35. Kg2 g6 36. Rc5 Kf7 37. Rc7+ Kf6 38. Rh7 b5 39. a4 bxa4 40.
Rc7 Ke5 41. Rc6 a3 42. Rxa6 Kd4 43. Rxa3 Ke5 44. Ra6 Kf5 45. h3 h5 46. Ra5+ Kf6
47. Ra8 Rc2 48. g4 h4 49. Ra6+ Kg5 50. Ra5+ Kh6 51. Ra8 Rb2 52. Rh8+ Kg5 53.
Rf8 Ra2 54. Rf3 Rb2 55. Rd3 Ra2 56. Kf3 Rb2 57. Ke3 Kh6 58. f4 Rh2 59. Kd4 Rf2
60. Ke5 Re2+ 61. Kf6 Rh2 62. Rd8 Kh7 63. Rd7+ Kh6 64. g5+ 1-0

[Event "II. CLANSKA LIGA ZAHOD 2019"]
[Site "Komenda"]
[Date "2019.11.16"]
[Round "3.6"]
[White "Guid, Taja"]
[Black "Rogelj, Tomaz"]
[Result "1/2-1/2"]
[WhiteElo "1557"]
[BlackElo "1765"]
[PlyCount "74"]
[EventDate "2019.11.16"]
[WhiteTeam "SK LJUBLJANA"]
[BlackTeam "SS TZ PREVODI DVOJKA"]

1. c4 Nf6 2. g3 d5 3. cxd5 Nxd5 4. Bg2 c6 5. Nc3 Nxc3 6. bxc3 Bf5 7. Nf3 Nd7 8.
O-O e6 9. d4 Be7 10. Bb2 O-O 11. c4 Bf6 12. Rc1 Qb6 13. Qb3 Rad8 14. Rfd1 c5
15. Qxb6 Nxb6 16. Ba3 Be7 17. Nh4 Bg4 18. Kf1 Rd7 19. Nf3 Bxf3 20. Bxf3 Rfd8
21. e3 cxd4 22. Bxe7 Rxe7 23. exd4 Red7 24. c5 Nd5 25. Bxd5 Rxd5 26. Rc4 e5 27.
Rb4 R5d7 28. d5 g6 29. d6 Rc8 30. Rc4 Rc6 31. Rcc1 f5 32. Ke2 Kf7 33. Kd3 Ke6
34. Kc4 Ra6 35. Kb3 Rc6 36. Kc4 Ra6 37. Kb3 Rc6 1/2-1/2

[Event "II. CLANSKA LIGA ZAHOD 2019"]
[Site "Komenda"]
[Date "2019.11.17"]
[Round "4.1"]
[White "Bajzelj, Primoz"]
[Black "Persl, Bojan"]
[Result "0-1"]
[WhiteElo "2062"]
[BlackElo "2097"]
[PlyCount "78"]
[EventDate "2019.11.17"]
[WhiteTeam "SD RADOVLJICA"]
[BlackTeam "SK LJUBLJANA"]

1. d4 Nf6 2. Nf3 e6 3. c4 d5 4. Nc3 Be7 5. Bg5 h6 6. Bh4 O-O 7. e3 b6 8. Qb3
Nbd7 9. Be2 c5 10. cxd5 Nxd5 11. Bxe7 Nxe7 12. O-O cxd4 13. exd4 Bb7 14. Rfd1
Nf6 15. Rac1 Ned5 16. Ne5 Nf4 17. Bf1 Rc8 18. Rc2 Ne4 19. Nxe4 Bxe4 20. Rxc8
Qxc8 21. Qe3 Qc2 22. Rc1 Nd5 23. Qe1 Qxb2 24. Nc4 Qxd4 25. Rd1 Qc5 26. Qxe4 Nc3
27. Qc2 Nxd1 28. Qxd1 b5 29. Ne3 a5 30. Qb3 Rb8 31. a4 b4 32. Nc4 Qd5 33. h3
Rc8 34. Be2 Rc5 35. Bd3 Qd4 36. Qc2 e5 37. Qb1 Rxc4 38. Bxc4 Qxc4 39. Qf5 Qc1+
0-1

[Event "II. CLANSKA LIGA ZAHOD 2019"]
[Site "Komenda"]
[Date "2019.11.17"]
[Round "4.2"]
[White "Zmavc, Mark"]
[Black "Anakiev, Dimitar"]
[Result "1-0"]
[WhiteElo "1839"]
[BlackElo "2002"]
[PlyCount "73"]
[EventDate "2019.11.17"]
[WhiteTeam "SK LJUBLJANA"]
[BlackTeam "SD RADOVLJICA"]

1. d4 d6 2. Nf3 Nf6 3. g3 g6 4. Bg2 Bg7 5. O-O O-O 6. c4 c5 7. Nc3 Nc6 8. d5
Na5 9. Qd3 a6 10. Rb1 Rb8 11. a4 Bd7 12. Re1 b5 13. axb5 axb5 14. cxb5 c4 15.
Qc2 Bxb5 16. Nxb5 Rxb5 17. e4 Nd7 18. Bf1 Qc7 19. b4 Qb8 20. Ba3 Nb7 21. Qxc4
Rb6 22. Rec1 Qa7 23. Bb2 Na5 24. bxa5 Rxb2 25. Rxb2 Bxb2 26. Rb1 Bg7 27. a6 Nc5
28. Rb5 h6 29. e5 f5 30. Nd4 Ne4 31. Rb7 Qc5 32. Qxc5 Nxc5 33. Rxe7 Bxe5 34.
Ne6 Nxe6 35. dxe6 Bd4 36. Bc4 Rc8 37. Rc7 1-0

[Event "II. CLANSKA LIGA ZAHOD 2019"]
[Site "Komenda"]
[Date "2019.11.17"]
[Round "4.3"]
[White "Buha, Drago"]
[Black "Topolovec, Vid"]
[Result "1/2-1/2"]
[WhiteElo "1949"]
[BlackElo "1775"]
[PlyCount "90"]
[EventDate "2019.11.17"]
[WhiteTeam "SD RADOVLJICA"]
[BlackTeam "SK LJUBLJANA"]

1. d4 f5 2. Bf4 Nf6 3. Nc3 d5 4. e3 c6 5. Bd3 e6 6. Nge2 Nh5 7. O-O Nd7 8. h3
Nxf4 9. Nxf4 Nf6 10. a3 Bd6 11. Nh5 O-O 12. f4 Bd7 13. Nxf6+ Rxf6 14. Ne2 Rh6
15. Rf3 Be8 16. Ng3 g5 17. c4 gxf4 18. exf4 Qh4 19. Qe2 Bh5 20. Nxh5 Rxh5 21.
Qf2 Qxf2+ 22. Kxf2 Kf7 23. Rh1 dxc4 24. Bxc4 Rd8 25. Re1 Rh6 26. Re2 Bc7 27.
Rd2 Bb6 28. Rfd3 Bc7 29. Rf3 Bb6 30. Ke3 Rg6 31. g3 Rh6 32. g4 fxg4 33. hxg4
Ke7 34. b4 Rh4 35. g5 Rg8 36. Ke4 Kd6 37. Re2 Bd8 38. Ke3 a6 39. Rg2 Rh1 40.
Ke4 Re1+ 41. Re2 Rc1 42. Ba2 Rd1 43. Ree3 Bb6 44. Rd3 Re1+ 45. Rfe3 Rf1 1/2-1/2

[Event "II. CLANSKA LIGA ZAHOD 2019"]
[Site "Komenda"]
[Date "2019.11.17"]
[Round "4.4"]
[White "Sivcevic, Nusret"]
[Black "Pretnar, Bostjan"]
[Result "1-0"]
[WhiteElo "1748"]
[BlackElo "1768"]
[PlyCount "155"]
[EventDate "2019.11.17"]
[WhiteTeam "SK LJUBLJANA"]
[BlackTeam "SD RADOVLJICA"]

1. f4 Nf6 2. Nf3 d5 3. c3 g6 4. Qc2 Bg7 5. d3 b6 6. e4 dxe4 7. dxe4 Bb7 8. Bd3
Nbd7 9. Be3 c5 10. Nbd2 Ng4 11. Bg1 Qc7 12. e5 e6 13. h3 Nh6 14. g4 Ng8 15. Nc4
Bf8 16. O-O-O O-O-O 17. Rh2 h6 18. Rhd2 Nb8 19. Be2 Rxd2 20. Nfxd2 g5 21. Ne4
Bxe4 22. Qxe4 Qc6 23. Qe3 gxf4 24. Qxf4 Qc7 25. Bh2 Be7 26. h4 Bxh4 27. Nd6+
Qxd6 28. exd6 Bg5 29. Bb5 Nd7 30. Rf1 Ngf6 31. Kc2 Bxf4 32. Rxf4 Rg8 33. Bxd7+
Nxd7 34. Rxf7 Rxg4 35. Kb3 h5 36. Re7 e5 37. Bxe5 Nxe5 38. Rxe5 h4 39. Re7 a5
40. Rh7 Rg6 41. Kc4 Rxd6 42. Kb5 Rd2 43. b3 Rxa2 44. Kxb6 Ra3 45. Kc6 Kd8 46.
c4 Rxb3 47. Rxh4 a4 48. Rh7 a3 49. Ra7 Rf3 50. Kxc5 Kc8 51. Kb4 Rf1 52. Rxa3
Kb7 53. Rh3 Rf6 54. Kb5 Rf5+ 55. c5 Rf7 56. Rh6 Rg7 57. Ra6 Rg5 58. Rf6 Rg7 59.
Rb6+ Ka7 60. Ra6+ Kb8 61. Kb6 Rb7+ 62. Kc6 Rg7 63. Kb5 Rg5 64. Rf6 Kc7 65. Rf7+
Kc8 66. Kb6 Rg2 67. Rh7 Rb2+ 68. Kc6 Kd8 69. Rh8+ Ke7 70. Kc7 Ke6 71. Rd8 Ke7
72. Rd3 Rc2 73. Re3+ Kf6 74. c6 Kf7 75. Kb7 Rb2+ 76. Kc8 Rc2 77. c7 Rc1 78. Rb3
1-0

[Event "II. CLANSKA LIGA ZAHOD 2019"]
[Site "Komenda"]
[Date "2019.11.17"]
[Round "4.5"]
[White "Krivec, Metod"]
[Black "Babic, Miroslav"]
[Result "1-0"]
[WhiteElo "1759"]
[BlackElo "1695"]
[PlyCount "121"]
[EventDate "2019.11.17"]
[WhiteTeam "SD RADOVLJICA"]
[BlackTeam "SK LJUBLJANA"]

1. d4 e6 2. c4 d5 3. Nc3 c6 4. Nf3 Nf6 5. e3 Bd6 6. Qc2 Nbd7 7. Bd3 h6 8. O-O
e5 9. cxd5 cxd5 10. dxe5 Nxe5 11. Nxe5 Bxe5 12. Bb5+ Bd7 13. Bxd7+ Qxd7 14. Qd3
Rc8 15. Nb5 a6 16. Nd4 O-O 17. Rd1 Qg4 18. h3 Qh5 19. Bd2 Bxd4 20. Qxd4 Rc4 21.
Qd3 g5 22. Qf5 Ne4 23. b3 Rc2 24. Qxd5 Nxd2 25. Rxd2 Rfc8 26. Rxc2 Rxc2 27.
Qxb7 Qe2 28. Qf3 Qxf3 29. gxf3 f5 30. b4 Kg7 31. a3 Rc3 32. Ra2 Kf6 33. Kf1
Rc1+ 34. Kg2 Ke5 35. Rb2 Rc3 36. b5 axb5 37. Rxb5+ Kf6 38. Rb6+ Ke5 39. a4 h5
40. Rb5+ Kf6 41. Rb6+ Kg7 42. a5 Ra3 43. a6 g4 44. fxg4 fxg4 45. hxg4 hxg4 46.
Kg3 Ra4 47. f3 gxf3 48. Kxf3 Kf7 49. e4 Ke7 50. Kf4 Kd7 51. Kf5 Kc7 52. Rh6 Kb8
53. Rc6 Ka7 54. e5 Rh4 55. e6 Rh6 56. Ke5 Rh5+ 57. Kd6 Rh1 58. Kd7 Rb1 59. e7
Rb3 60. e8=Q Rb7+ 61. Rc7 1-0

[Event "II. CLANSKA LIGA ZAHOD 2019"]
[Site "Komenda"]
[Date "2019.11.17"]
[Round "4.6"]
[White "Guid, Taja"]
[Black "Torkar, Boris"]
[Result "1/2-1/2"]
[WhiteElo "1557"]
[BlackElo "1777"]
[PlyCount "51"]
[EventDate "2019.11.17"]
[WhiteTeam "SK LJUBLJANA"]
[BlackTeam "SD RADOVLJICA"]

1. c4 c6 2. e4 d5 3. cxd5 cxd5 4. exd5 Qxd5 5. Nc3 Qd8 6. Nf3 e6 7. d4 Nf6 8.
Bc4 Be7 9. O-O O-O 10. Re1 a6 11. a4 Qc7 12. Qe2 Nc6 13. Be3 Nb4 14. Rac1 Bd7
15. Ne5 Rac8 16. Bd3 Bc6 17. Nxc6 Nxc6 18. Ne4 Nd5 19. Qh5 g6 20. Qd1 f5 21.
Nc5 Bxc5 22. Rxc5 f4 23. Bd2 f3 24. Bh6 Rf6 25. Bg5 Rff8 26. Bh6 1/2-1/2

[Event "II. CLANSKA LIGA ZAHOD 2019"]
[Site "Komenda"]
[Date "2019.11.17"]
[Round "4.1"]
[White "Krupenko, Peter"]
[Black "Mlacnik, Franc"]
[Result "1/2-1/2"]
[WhiteElo "1893"]
[BlackElo "1991"]
[PlyCount "49"]
[EventDate "2019.11.17"]
[WhiteTeam "SK TRZIN"]
[BlackTeam "SS TZ PREVODI DVOJKA"]

1. c4 f5 2. Nf3 Nf6 3. Nc3 e6 4. d4 Bb4 5. a3 Bxc3+ 6. bxc3 d6 7. g3 O-O 8. Bg2
Qe7 9. Qb3 Kh8 10. O-O Nbd7 11. a4 Re8 12. a5 a6 13. Rd1 e5 14. Ra2 e4 15. Ne1
Nf8 16. f3 Ng6 17. Bg5 h6 18. Bxf6 Qxf6 19. fxe4 fxe4 20. Nc2 Qg5 21. Rf1 h5
22. Qb1 h4 23. Qc1 Qh5 24. Qe1 Qg5 25. Qc1 1/2-1/2

[Event "II. CLANSKA LIGA ZAHOD 2019"]
[Site "Komenda"]
[Date "2019.11.17"]
[Round "4.2"]
[White "Logar, Metod"]
[Black "Rojs, Igor"]
[Result "1/2-1/2"]
[WhiteElo "1982"]
[BlackElo "1995"]
[PlyCount "68"]
[EventDate "2019.11.17"]
[WhiteTeam "SS TZ PREVODI DVOJKA"]
[BlackTeam "SK TRZIN"]

1. e4 e5 2. Nf3 d6 3. d4 Nd7 4. Nc3 h6 5. Bc4 Ngf6 6. O-O c6 7. a4 Be7 8. Be3
O-O 9. h3 Re8 10. Qd2 Bf8 11. dxe5 dxe5 12. Rfd1 Qc7 13. Nh4 Nb6 14. Bb3 Be6
15. Bxe6 Rxe6 16. Qe2 g6 17. a5 Nc8 18. Qc4 Nd6 19. Qa4 Kg7 20. f4 Nb5 21. f5
Nxc3 22. bxc3 Rd6 23. Rd3 c5 24. Qc4 Rc8 25. Bf2 Qc6 26. Bg3 Re8 27. Rad1 b5
28. axb6 axb6 29. Re1 b5 30. Rxd6 Bxd6 31. Qe2 Nh5 32. fxg6 fxg6 33. Qg4 Bf8
34. Rd1 Kh7 1/2-1/2

[Event "II. CLANSKA LIGA ZAHOD 2019"]
[Site "Komenda"]
[Date "2019.11.17"]
[Round "4.3"]
[White "Suhadolnik, Jernej"]
[Black "Muri, Emil"]
[Result "1-0"]
[WhiteElo "1863"]
[BlackElo "1816"]
[PlyCount "49"]
[EventDate "2019.11.17"]
[WhiteTeam "SK TRZIN"]
[BlackTeam "SS TZ PREVODI DVOJKA"]

1. b4 e5 2. Bb2 f6 3. a3 d5 4. d3 Ne7 5. Nd2 Nd7 6. c4 d4 7. e3 dxe3 8. fxe3
Ng6 9. g3 c5 10. Bc3 Nb6 11. Ne4 Nd7 12. Bg2 Be7 13. Ne2 O-O 14. O-O Rb8 15.
Qa4 a6 16. Rad1 b6 17. d4 Qc7 18. d5 Bd6 19. Qc6 Bb7 20. Qxd6 Qd8 21. Qe6+ Kh8
22. Nd6 Qe7 23. Nxb7 Rxb7 24. Qxe7 Nxe7 25. d6 1-0